Tabla de Multiplicar del 10, 11 y 12 - Estadísticas

Estadísticas generales
  • Esta prueba ha sido intentada 49 veces
  • La puntuación promedio es 35 de 36
Estadísticas de respuestas
% Correcto
10x1= 10
100%
10x10= 100
100%
11x1= 11
100%
10x11= 110
100%
11x10= 110
100%
10x12= 120
100%
10x2= 20
100%
11x2= 22
100%
10x3= 30
100%
11x3= 33
100%
10x4= 40
100%
11x4= 44
100%
10x5= 50
100%
11x5= 55
100%
10x6= 60
100%
11x6= 66
100%
10x7= 70
100%
11x7= 77
100%
10x8= 80
100%
11x8= 88
100%
10x9= 90
100%
11x9= 99
100%
12x1= 12
97%
11x11= 121
97%
11x12= 132
97%
12x2= 24
97%
12x3= 36
97%
12x4= 48
97%
12x5= 60
97%
12x6= 72
97%
12x7= 84
95%
12x8= 96
95%
12x10= 120
92%
12x9= 108
89%
12x11= 132
89%
12x12= 144
86%
No se encontraron pruebas coincidentes
Distribución de puntuación
Porcentaje de gente con cada puntuación
Porcentaje por número respondido
Historial de tus puntuaciones
No has intentado esta prueba.